Tribhuvan University Central Library
Normal view MARC view
  • Political science

Entry Topical Term

Number of records used in: 8

001 - CONTROL NUMBER

  • control field: 2790

003 - CONTROL NUMBER IDENTIFIER

  • control field: OSt

005 - DATE AND TIME OF LATEST TRANSACTION

  • control field: 20101204154221.0

008 - FIXED-LENGTH DATA ELEMENTS

  • fixed length control field: 101204|||a|||||| | ||| d

040 ## - CATALOGING SOURCE

  • Original cataloging agency: OSt
  • Transcribing agency: OSt

150 ## - HEADING--TOPICAL TERM

  • Topical term or geographic name as entry element: Political science

670 ## - SOURCE DATA FOUND

  • Source citation: Work cat.: (OSt): Naqvi, Jamal 2789, Inside Pakistan, 1986

670 ## - SOURCE DATA FOUND

  • Source citation: Work cat.: (OSt): Naqvi, Jamal 2789, Inside Pakistan, 1986